00933nas a2200277Ia 4500001001200000003001000012008004100022040002500063041001300088100001800101210001400119222001400133245003700147250001100184260000900195501012300204300001400327362003000341500005000371650002300421700001100444942000700455957000600462999003300468952015400501db14-38929 IT-MiCISF161014c99999999xx |||||||||||| ||und|| aIT-MiCISFcIT-MiCISF aITALIANO aDavanzo Guido aSettiamna aSettiamna 0aFecondazione. Legge "cattolica"? a1a ed. c2004 bCISF - Centro Internazionale Studi Famiglia - Via Giotto, 36 20145 MILANO (non commercial uses only)cCopyright 2016 app. 12-13 a n. 7, 22 febbraio [2004] a Tema: procreazione-artificiale, legislazione aBIOETICAvarticolo aAA.VV. cCR 71 a38929bSig1c221068d221068 0010406DB_143892971aCISFbCISFd2016-10-14l0odb14-38929 r2016-10-14 00:00:00w2016-10-14yCRzData import 15.10.2016 / by Epidotti, Vaglietti